Applied mycology and biotechnology

محفوظ في:
التفاصيل البيبلوغرافية
المؤلف الرئيسي: Arora, Dilip K.
التنسيق: كتاب
اللغة:Undetermined
منشور في: Amsterdam Elsevier 2004
الموضوعات:
الوسوم: إضافة وسم
لا توجد وسوم, كن أول من يضع وسما على هذه التسجيلة!
Thư viện lưu trữ: Trung tâm Học liệu Trường Đại học Cần Thơ
LEADER 00588nam a2200205Ia 4500
001 CTU_94702
008 210402s9999 xx 000 0 und d
020 |c 165.62 
082 |a 660.6 
082 |b A769/Vol.4 
100 |a Arora, Dilip K. 
245 0 |a Applied mycology and biotechnology 
245 0 |c Dilip K. Arora, George G. Khachatourians 
260 |a Amsterdam 
260 |b Elsevier 
260 |c 2004 
650 |a Fungi,Agricultural biotechnology,Food 
650 |x Biotechnology,Biotechnology 
904 |i Năm 
980 |a Trung tâm Học liệu Trường Đại học Cần Thơ